000 00640nab a2200181 4500
001 244442
003 OSt
005 20230512134829.0
007 tu
008 200917s2020|||||||
040 _aDE-2950
_cDE-2950
245 0 0 _aEltern von Heimkindern erzählen ihre Geschichte.
_bFamilie. 32 Kinder und Jugendliche leben im Frankfurter Kinderheim "Clara Zetkin". Das bedeutet nicht automatisch, dass sie ihre Eltern nicht sehen..../
_cLisa Mahlke
264 _c2023
653 _aFrankfurt (Oder)
653 _aKinderheim "Clara Zetkin"
773 0 _g34. Jahrgang (2023) Nr. 109 vom 11.05.2023, S. 15
_tMärkische Oderzeitung
942 _2z
_cA
999 _c372440
_d372440